プロセカ メインキャラクターの名前 - Statistics

General Stats
  • This quiz has been taken 259 times
  • The average score is 21 of 26
Answer Stats
Answer % Correct
初音ミク
94%
鏡音リン
93%
鏡音レン
93%
KAITO
92%
MEIKO
92%
巡音ルカ
90%
天馬司
87%
鳳えむ
87%
東雲絵名
87%
星乃一歌
86%
東雲彰人
86%
天馬咲希
85%
宵崎奏
83%
朝比奈まふゆ
82%
小豆沢こはね
81%
草薙寧々
81%
桃井愛莉
79%
白石杏
77%
日野森雫
76%
暁山瑞希
76%
望月穂波
75%
日野森志歩
75%
青柳冬弥
75%
神代類
75%
桐谷遥
72%
花里みのり
69%
No matching quizzes found
Score Distribution
Percent of People with Each Score
Percentile by Number Answered
Your Score History
You have not taken this quiz